MASH Theme Song - Statistics

General Stats
  • This quiz has been taken 376 times
  • The average score is 73 of 128
Answer Stats
Answer % Correct
I
99%
pain
97%
is
95%
suicide
95%
painless
94%
A
89%
it
87%
on
83%
the
83%
and
80%
can
80%
man
80%
changes
77%
bring
76%
many
76%
to
75%
be
72%
brings
72%
if
71%
of
70%
or
70%
see
70%
leave
68%
take
68%
me
65%
please
61%
that
60%
That
60%
Through
57%
early
53%
morning
53%
visions
51%
fog
50%
things
50%
in
49%
so
49%
for
45%
are
44%
life
44%
not
44%
as
42%
game
37%
lose
37%
when
37%
why
37%
play
36%
hard
35%
them
35%
will
35%
anyway
34%
gonna
34%
have
33%
I'm
33%
this
33%
all
31%
but
30%
say
30%
time
30%
card
29%
ask
28%
pains
28%
way
28%
withheld
28%
its
27%
once
27%
losing
26%
our
26%
some
26%
answer
25%
hurt
24%
oh
24%
questions
24%
requested
24%
skin
24%
sword
24%
begins
22%
pierce
22%
realise
22%
replied
21%
watch
21%
brave
20%
doesn"t
19%
grows
19%
key
19%
stronger
19%
works
17%
delay
7%
No matching quizzes found
Score Distribution
Percent of People with Each Score
Percentile by Number Answered
Your Score History
You have not taken this quiz